000
003100000a22001450004500
003
MACL
040
_a
MACL
090
_c
4893
_d
4892
100
_a
Sen, Soumen
245
_a
Religion in North-East in India
260
_b
Uppal Publishing House
_c
1993
350
_a
200
650
_a
Religion
942
_c
BOOK
_k
294
999
_c
4855
_d
4855